La poussiere cosmique (Record no. 2104)

MARC details
000 -LEADER
fixed length control field 00551nam a2200181Ia 4500
003 - CONTROL NUMBER IDENTIFIER
control field IN-BaIIA
008 - FIXED-LENGTH DATA ELEMENTS--GENERAL INFORMATION
fixed length control field 211028s9999 xx 000 0 eng d
040 ## - CATALOGING SOURCE
Transcribing agency IIA Library
080 ## - UNIVERSAL DECIMAL CLASSIFICATION NUMBER
Universal Decimal Classification number 523
Item number DAU
100 ## - MAIN ENTRY--PERSONAL NAME
Personal name Dauvillier, A.
9 (RLIN) 3893
245 #0 - TITLE STATEMENT
Title La poussiere cosmique
Statement of responsibility, etc. A. Dauvillier
260 ## - PUBLICATION, DISTRIBUTION, ETC.
Place of publication, distribution, etc. Paris
Name of publisher, distributor, etc. Masson ETC Editeurs
Date of publication, distribution, etc. 1961
300 ## - PHYSICAL DESCRIPTION
Extent 212p.
490 ## - SERIES STATEMENT
Series statement Collection evolution des sciences; v. 19
650 ## - SUBJECT ADDED ENTRY--TOPICAL TERM
Topical term or geographic name entry element Astronomy and Astrophysics Thesaurus
650 ## - SUBJECT ADDED ENTRY--TOPICAL TERM
Topical term or geographic name entry element Cosmic dust
9 (RLIN) 3926
942 ## - ADDED ENTRY ELEMENTS (KOHA)
Koha item type Books
Holdings
Withdrawn status Lost status Damaged status Not for loan Home library Current library Shelving location Date acquired Total Checkouts Full call number Barcode Date last seen Price effective from Koha item type
        IIA Library-Bangalore IIA Library-Bangalore General Stacks     523/ DAU 2364 05/11/2021   Books

Powered by Koha